000 01262nam a2200313 4500
001 0000022029
003 CO-CtgCURN
005 20250512223138.0
008 160627s2005 000 0 eng d
020 _a9589380700
040 _aCO-CtgCURN
_bspa
_ccoctgcurn
082 0 _a344
_bP153c
100 1 _aPalacio Hincapie, Juan Angel.
245 1 3 _aLa contratacion de las entidades estatales /
_cJuan Angel Palacio Hincapie.
250 _a5a ed.
260 _aBogotá :
_bLibreria Juridica Sánchez,
_c2005.
300 _a522 p.
336 _2rdacontent
337 _2rdamedia
_asin mediacion
_bn
338 _2rdacarrier
_avolumen
_bnc
504 _aBibliografia (p. 509-522)
505 8 _aEstatuto.--La capacidad para contratar.--La selección del contratista.--Clausulas execpcionales.--La ecuacion economica contractual.--Responsabilidad de los funcionarios en la contratacion del estado.--Las controversias contractuales
650 0 _aContratos publicos
_vLegislacion
_zColombia.
908 _a160627
942 _cBK
_h344
_iP153c
_2ddc
_n0
999 _c19532
_d19532